[Event "13th EICC"]
[Site "Plovdiv BUL"]
[Date "2012.03.27"]
[Round "7.54"]
[White "Iordachescu, Viorel"]
[Black "Popovic, Dusan"]
[Result "1/2-1/2"]
[WhiteTitle "GM"]
[BlackTitle "GM"]
[WhiteElo "2644"]
[BlackElo "2561"]
[WhiteFideId "13900200"]
[BlackFideId "927031"]
[EventDate "2012.03.20"]
[EventType "swiss"]

1. d4 Nf6 2. c4 g6 3. Nc3 Bg7 4. e4 d6 5. Nge2 O-O 6. f3 c6 7. Bg5 a6 8. Qd2 b5
9. Ng3 Nbd7 10. Rc1 bxc4 11. Bxc4 d5 12. Bb3 dxe4 13. Ncxe4 Qb6 14. Nxf6+ Nxf6
15. O-O a5 16. Rfe1 a4 17. Bc4 Ra7 18. Kh1 Rd8 19. Qc2 Rad7 20. Ne2 Qa5 21. Bd2
Qa7 22. Bb4 Bh6 23. Bc5 Qa5 24. Ra1 Bd2 25. Red1 Bb4 26. Bxb4 Qxb4 27. a3 Qa5
28. Rac1 Ba6 29. Bxa6 Qxa6 30. Kg1 Rd6 31. Kf2 Kg7 32. Qc4 Qb6 33. Qxa4 Qxb2 34.
Rb1 Qa2 35. Ra1 Qd5 36. Qc2 Qh5 37. a4 Ra8 38. Kg1 Qa5 39. Qc3 Nd5 40. Qc5 Re6
41. Qxa5 Rxa5 42. Kf2 Re3 43. Rdc1 Ra6 44. a5 Rb3 45. Rc5 e6 46. g3 Kf8 47. Rc2
Ke7 48. Nc1 Rb4 49. Nd3 Rxd4 50. Nc5 Ra7 51. Rb2 Nb4 52. Ke2 Rc4 53. Ne4 c5 54.
Ra4 f5 55. Nxc5 Rxc5 56. Rbxb4 Rcxa5 57. Rxa5 Rxa5 58. Rb7+ 1/2-1/2

[Event "13th EICC"]
[Site "Plovdiv BUL"]
[Date "2012.03.27"]
[Round "7.55"]
[White "Papp, Gabor1"]
[Black "Mastrovasilis, Dimitrios"]
[Result "1/2-1/2"]
[WhiteTitle "GM"]
[BlackTitle "GM"]
[WhiteElo "2551"]
[BlackElo "2631"]
[WhiteFideId "718602"]
[BlackFideId "4202694"]
[EventDate "2012.03.20"]
[EventType "swiss"]

1. e4 e5 2. Nf3 Nc6 3. Bb5 Nf6 4. O-O Nxe4 5. Re1 Nd6 6. Nxe5 Be7 7. Bf1 Nxe5 8.
Rxe5 O-O 9. d4 Bf6 10. Re1 Nf5 11. c3 d5 12. Bd3 c6 13. Bf4 Nh4 14. Bg3 g6 15.
Nd2 Be6 16. Nf1 Qd7 17. Ne3 Rae8 18. Qc2 Re7 19. Re2 Rfe8 20. Rae1 Kg7 21. h3 h5
22. Kh2 a6 23. b4 Nf5 24. Bxf5 Bxf5 25. Nxf5+ Qxf5 26. Qxf5 gxf5 27. Rxe7 Rxe7
28. Rxe7 Bxe7 29. Be5+ Kg6 30. Kg3 Bg5 31. Bf4 Be7 32. Kf3 Bf8 33. Ke3 Be7 34.
Kd3 b5 35. a3 Bh4 36. Ke2 Bd8 37. Kd3 Bh4 38. Ke2 Bd8 39. Kd3 Bh4 40. Ke2 Bd8 1/2-1/2

[Event "13th EICC"]
[Site "Plovdiv BUL"]
[Date "2012.03.27"]
[Round "7.56"]
[White "Vuckovic, Bojan"]
[Black "Rapport, Richard"]
[Result "1-0"]
[WhiteTitle "GM"]
[BlackTitle "GM"]
[WhiteElo "2628"]
[BlackElo "2559"]
[WhiteFideId "922277"]
[BlackFideId "738590"]
[EventDate "2012.03.20"]
[EventType "swiss"]

1. e4 e5 2. Nf3 Nc6 3. Bb5 a6 4. Ba4 Nf6 5. O-O Be7 6. Re1 b5 7. Bb3 d6 8. c3
O-O 9. h3 Na5 10. Bc2 c5 11. d4 Bb7 12. Nbd2 cxd4 13. cxd4 exd4 14. Nxd4 Re8 15.
Nf1 Bf8 16. Ng3 g6 17. Bg5 h6 18. Bf4 Rc8 19. Rc1 Nd7 20. b3 Nc6 21. Bb1 Nde5
22. Nxc6 Bxc6 23. Qd2 Kh7 24. Be3 Qh4 25. Bd4 Bb7 26. Rxc8 Bxc8 27. Rc1 Bg7 28.
Qe3 Qg5 29. Rd1 Qxe3 30. Bxe3 Bf8 31. Ne2 Bb7 32. Nc3 Nd7 33. f3 Nf6 34. Kf2 Rc8
35. Bd4 Bg7 36. Ne2 Ne8 37. Ke3 Bxd4+ 38. Rxd4 Kg7 39. a4 bxa4 40. Rxa4 Rc5 41.
Rb4 Bc8 42. Bd3 a5 43. Rb6 Kf8 44. Nf4 Bd7 45. Kd4 Rc6 46. Rb8 Rc8 47. Rxc8 Bxc8
48. Nd5 Bd7 49. Nb6 Be6 50. Bc4 Nc7 51. f4 Ke7 52. g4 f5 53. gxf5 gxf5 54. e5
Ne8 55. Nd5+ Kd8 56. Ne3 Ke7 57. Bd5 Nc7 58. exd6+ Kxd6 59. Nc4+ Ke7 60. Bxe6
Kxe6 61. Ne3 Ne8 62. Nc2 Kd6 63. Kc4 Ke6 64. Nd4+ Kf6 65. Kb5 1-0

[Event "13th EICC"]
[Site "Plovdiv BUL"]
[Date "2012.03.27"]
[Round "7.57"]
[White "Mamedov, Rauf"]
[Black "Zontakh, Andrey"]
[Result "1/2-1/2"]
[WhiteTitle "GM"]
[BlackTitle "GM"]
[WhiteElo "2624"]
[BlackElo "2556"]
[WhiteFideId "13401653"]
[BlackFideId "14101130"]
[EventDate "2012.03.20"]
[EventType "swiss"]

1. e4 e6 2. Qe2 d5 3. exd5 Qxd5 4. Nc3 Qd8 5. Nf3 Nc6 6. g3 Nf6 7. Bg2 Bc5 8.
Qb5 Nd7 9. Ne4 a6 10. Qe2 O-O 11. Nxc5 Nxc5 12. O-O e5 13. b4 Ne6 14. c3 f6 15.
a4 Re8 16. d3 Nf8 17. Be3 Bg4 18. h3 Bh5 19. b5 axb5 20. axb5 Rxa1 21. Rxa1 Ne7
22. Qc2 Bg6 23. Qa2+ Bf7 24. Qc2 Bg6 25. Qa2+ Bf7 26. Qc2 Bg6 1/2-1/2

[Event "13th EICC"]
[Site "Plovdiv BUL"]
[Date "2012.03.27"]
[Round "7.58"]
[White "Rasulov, Vugar"]
[Black "Andriasian, Zaven"]
[Result "1-0"]
[WhiteTitle "GM"]
[BlackTitle "GM"]
[WhiteElo "2526"]
[BlackElo "2616"]
[WhiteFideId "13402390"]
[BlackFideId "13302000"]
[EventDate "2012.03.20"]
[EventType "swiss"]

1. e4 c5 2. Nf3 d6 3. d4 cxd4 4. Nxd4 Nf6 5. Nc3 a6 6. h3 e5 7. Nde2 h5 8. Bg5
Be6 9. g3 Be7 10. Bg2 Nc6 11. Qd2 Nh7 12. Bxe7 Qxe7 13. O-O-O Rd8 14. f4 b5 15.
Nd5 Qb7 16. g4 h4 17. g5 Nf8 18. Ne3 g6 19. Rhf1 exf4 20. Nxf4 Ne5 21. Nf5 gxf5
22. exf5 Qe7 23. fxe6 Nxe6 24. Nxe6 fxe6 25. Rf6 Rg8 26. Qc3 Qd7 27. Qd2 Qe7 28.
a3 Qd7 29. Kb1 a5 30. Bf1 Ke7 31. Rh6 Rg7 32. g6 Rdg8 33. Rh7 b4 34. axb4 axb4
35. Be2 b3 36. cxb3 Qc6 37. Qd4 Ke8 38. Rc1 Qb7 39. Bb5+ Qxb5 40. Rc8+ Ke7 41.
Rxg8 Qf1+ 42. Ka2 Qa6+ 43. Qa4 1-0

[Event "13th EICC"]
[Site "Plovdiv BUL"]
[Date "2012.03.27"]
[Round "7.59"]
[White "Guseinov, Gadir"]
[Black "Maiorov, Nikita1"]
[Result "0-1"]
[WhiteTitle "GM"]
[BlackTitle "GM"]
[WhiteElo "2616"]
[BlackElo "2552"]
[WhiteFideId "13401378"]
[BlackFideId "13501720"]
[EventDate "2012.03.20"]
[EventType "swiss"]

1. e4 e5 2. Nf3 Nc6 3. Bb5 a6 4. Ba4 Nf6 5. O-O Be7 6. d3 d6 7. c4 Bg4 8. Be3
Nd7 9. Nbd2 O-O 10. h3 Bh5 11. Re1 Bf6 12. g4 Bg6 13. Nf1 h6 14. Ng3 Rb8 15. Rc1
Re8 16. Qd2 Nf8 17. Nf5 Nh7 18. Kg2 Ng5 19. Nxg5 Bxg5 20. Bxg5 hxg5 21. Rh1 Bxf5
22. gxf5 g6 23. h4 gxf5 24. hxg5 f4 25. Rh5 Kg7 26. Rch1 Rg8 27. Bxc6 bxc6 28.
d4 Kf8 29. Kf1 c5 30. d5 Qd7 31. Qe2 Ke7 32. b3 Rg6 33. Qf3 Rbg8 34. Rg1 Kd8 35.
Qh1 f6 36. Rh7 Qe8 37. Qh3 fxg5 38. Qf5 g4 39. Rf7 g3 40. fxg3 fxg3 41. Kg2 Rg5
42. Qf6+ Kc8 43. Rh1 Kb8 44. Rhh7 R5g6 45. Qf5 Rg5 46. Qf6 R5g6 47. Qh4 Rg4 48.
Qh6 R4g6 49. Qh5 Rg5 50. Qh1 Qc8 51. Qf1 Qg4 52. Qf3 Qxf3+ 53. Kxf3 g2 0-1

[Event "13th EICC"]
[Site "Plovdiv BUL"]
[Date "2012.03.27"]
[Round "7.61"]
[White "Howell, David W L"]
[Black "Marin, Mihail"]
[Result "1/2-1/2"]
[WhiteTitle "GM"]
[BlackTitle "GM"]
[WhiteElo "2614"]
[BlackElo "2539"]
[WhiteFideId "410608"]
[BlackFideId "1200020"]
[EventDate "2012.03.20"]
[EventType "swiss"]

1. e4 e6 2. d4 d5 3. e5 c5 4. c3 Nc6 5. Nf3 Qb6 6. a3 c4 7. h4 Bd7 8. h5 O-O-O
9. Qe2 Na5 10. Bf4 Nb3 11. Ra2 h6 12. g3 Ne7 13. Bh3 g5 14. Be3 Bg7 15. O-O f5
16. exf6 Bxf6 17. Nbd2 Nf5 18. Re1 Nxe3 19. Qxe3 Rhe8 20. Nf1 Re7 21. Ne5 Be8
22. Bg4 Qd6 23. Nf3 Kb8 24. N1d2 Qb6 25. Qe2 Bb5 26. Ne5 Nxd4 27. cxd4 c3 28.
Qe3 cxd2 29. Qxd2 Rc8 30. Raa1 Bxe5 31. Rxe5 Rc4 32. Rd1 Ba4 33. Rde1 Qxd4 34.
Qxd4 Rxd4 35. Bxe6 Rd1 36. Rxd1 Bxd1 37. f4 gxf4 38. gxf4 Bxh5 39. Bxd5 Rxe5 40.
fxe5 Kc7 41. Kf2 b6 42. Kg3 Kd7 43. Kh4 Bg6 44. Kg4 Ke7 45. Kf4 Bf7 46. Bf3 h5
47. Be2 Ke6 48. Bc4+ Ke7 49. Be2 Be8 50. Bc4 Bf7 1/2-1/2

[Event "13th EICC"]
[Site "Plovdiv BUL"]
[Date "2012.03.27"]
[Round "7.63"]
[White "Kempinski, Robert"]
[Black "Yilmaz, Mustafa"]
[Result "0-1"]
[WhiteTitle "GM"]
[BlackTitle "IM"]
[WhiteElo "2610"]
[BlackElo "2530"]
[WhiteFideId "1105663"]
[BlackFideId "6302718"]
[EventDate "2012.03.20"]
[EventType "swiss"]

1. d4 Nf6 2. c4 c5 3. d5 e6 4. Nc3 exd5 5. cxd5 d6 6. Nf3 g6 7. Bg5 Bg7 8. Nd2
h6 9. Bh4 O-O 10. e4 a6 11. a4 Re8 12. Be2 Nbd7 13. f4 Qc7 14. O-O Rb8 15. Kh1
Nh7 16. Bg3 b6 17. Qc2 c4 18. Bxc4 b5 19. axb5 axb5 20. Bd3 b4 21. Na4 Qxc2 22.
Bxc2 Ba6 23. Rfe1 Bb5 24. Bb3 Ra8 25. f5 gxf5 26. Bxd6 Ra6 27. Bc4 Bxc4 28. Nxc4
Rea8 29. e5 Rxa4 30. Rxa4 Rxa4 31. e6 fxe6 32. dxe6 Ndf6 33. b3 Ra8 0-1

[Event "13th EICC"]
[Site "Plovdiv BUL"]
[Date "2012.03.27"]
[Round "7.65"]
[White "Popov, Ivan RUS"]
[Black "Mastrovasilis, Athanasios"]
[Result "0-1"]
[WhiteTitle "GM"]
[BlackTitle "GM"]
[WhiteElo "2605"]
[BlackElo "2510"]
[WhiteFideId "4170350"]
[BlackFideId "4201990"]
[EventDate "2012.03.20"]
[EventType "swiss"]

1. e4 e5 2. Nf3 Nf6 3. Nxe5 d6 4. Nf3 Nxe4 5. Nc3 Nxc3 6. dxc3 Be7 7. Be3 Nc6 8.
Qd2 Be6 9. O-O-O Qd7 10. Kb1 a6 11. h4 h6 12. Nd4 Nxd4 13. Bxd4 Rg8 14. c4 O-O-O
15. h5 Bg5 16. Qc3 Qe7 17. g3 Bf6 18. Bg2 Bxd4 19. Qxd4 Kb8 20. Qe4 c6 21. Qd4
d5 22. Qe5+ Qc7 23. Qxc7+ Kxc7 24. cxd5 Bxd5 25. Bxd5 Rxd5 26. Rxd5 cxd5 27. Re1
Kd6 28. Kc1 g6 29. Kd2 gxh5 30. Rh1 Rg5 31. Rh4 Rf5 32. Ke2 Re5+ 33. Kd3 Rf5 34.
f4 Kc5 35. c3 a5 36. b3 b5 37. a3 a4 38. b4+ Kc6 39. Rh2 Kd6 40. Kd4 Kc6 41. Ke3
Kd7 42. Kf3 Kc7 43. Rd2 Kc6 44. Re2 Kd7 45. Re1 Rf6 46. Re5 Rc6 47. Rxd5+ Ke6
48. Rd3 Rc4 49. Ke3 f6 50. Kf3 Rc8 51. Ke4 Rc4+ 52. Ke3 Rc8 53. Kd2 Rg8 54. Re3+
Kd5 55. Rd3+ Ke6 56. Ke2 Rc8 57. Re3+ Kd5 58. Kd2 Rg8 59. Rd3+ Ke6 60. Ke2 Rc8
61. Kf2 Rc4 62. Kf3 Rc8 63. Kg2 Kf5 64. Rd5+ Kg4 65. Rc5 Rd8 66. Rxb5 Rd2+ 67.
Kf1 Ra2 68. Ke1 f5 69. Rb6 Kxg3 70. Rg6+ Kxf4 71. Rxh6 Ke3 72. Kf1 f4 73. Re6+
Kf3 74. b5 Rxa3 75. Re1 Rxc3 76. Ra1 Rb3 77. Kg1 Kg3 0-1

[Event "13th EICC"]
[Site "Plovdiv BUL"]
[Date "2012.03.27"]
[Round "7.68"]
[White "Gallagher, Joseph G."]
[Black "Solak, Dragan"]
[Result "1/2-1/2"]
[WhiteTitle "GM"]
[BlackTitle "GM"]
[WhiteElo "2502"]
[BlackElo "2602"]
[WhiteFideId "1303422"]
[BlackFideId "916811"]
[EventDate "2012.03.20"]
[EventType "swiss"]

1. e4 c6 2. d4 d5 3. Nc3 dxe4 4. Nxe4 Bf5 5. Ng3 Bg6 6. Nf3 Nd7 7. Bc4 e6 8. O-O
Ngf6 9. Re1 Bd6 10. Ne5 Qc7 11. Qe2 Nd5 12. Nxg6 hxg6 13. Qf3 N7f6 14. Bb3 O-O-O
15. h3 Bf4 16. Bxf4 Qxf4 17. Qxf4 Nxf4 18. c3 g5 19. Re5 Nh7 20. Bc2 Rd5 21.
Rae1 Nf6 22. Bb3 Nd3 23. Bxd5 cxd5 24. Kf1 Nh7 25. R1e2 Nxe5 26. Rxe5 Kd7 27.
Re3 Nf6 28. Re5 Nh7 29. Re3 f6 30. Ne2 Nf8 31. Rg3 Rh7 32. c4 dxc4 33. Rc3 Ng6
34. Rxc4 Rh8 35. Rb4 b6 36. Ra4 a5 37. Ra3 Rc8 38. Rb3 Rc6 39. Ke1 Rd6 40. Kd2
e5 41. Ke3 exd4+ 42. Nxd4 Nf4 43. g3 Nxh3 44. Nf5 Re6+ 45. Kf3 g6 46. Rd3+ Kc7
47. Ne3 f5 48. g4 fxg4+ 49. Nxg4 Ng1+ 50. Kg2 Ne2 51. Rd2 Nc1 52. a3 Rd6 53.
Rc2+ Rc6 54. Rd2 Nb3 55. Rd3 a4 56. Ne5 Rc2 57. Rd7+ Kc8 58. Rd6 b5 59. Rxg6
Rxb2 60. Rxg5 b4 61. Nc4 Rc2 62. Rg4 bxa3 63. Nxa3 Ra2 64. Rxa4 Kd7 65. Kg3 Ke6
66. Ra6+ Kf5 67. Ra8 Kf6 68. Ra6+ Kf5 69. Ra8 Kf6 1/2-1/2

[Event "13th EICC"]
[Site "Plovdiv BUL"]
[Date "2012.03.27"]
[Round "7.69"]
[White "Simacek, Pavel"]
[Black "Sedlak, Nikola"]
[Result "1-0"]
[WhiteTitle "IM"]
[BlackTitle "GM"]
[WhiteElo "2447"]
[BlackElo "2593"]
[WhiteFideId "307165"]
[BlackFideId "922900"]
[EventDate "2012.03.20"]
[EventType "swiss"]

1. e4 e5 2. Nf3 Nc6 3. Bb5 Bb4 4. c3 Ba5 5. Na3 Bb6 6. Nc4 Nf6 7. d3 O-O 8. Bxc6
bxc6 9. Ncxe5 d6 10. Nc4 d5 11. Nxb6 axb6 12. e5 Nd7 13. O-O f6 14. e6 Nc5 15.
Nd4 Nxe6 16. Nxc6 Qd6 17. Nb4 c5 18. Nc2 d4 19. Qf3 Bd7 20. Qg3 Qxg3 21. fxg3
dxc3 22. bxc3 Ba4 23. Ne1 b5 24. Rb1 Rad8 25. Rb2 Rfe8 26. Re2 Nc7 27. Rxe8+
Rxe8 28. Nf3 Nd5 29. Bd2 Bc2 30. d4 c4 31. a3 Ra8 32. Ra1 Kf7 33. g4 g5 34. Kf2
Ke6 35. g3 Kd6 36. Ne1 Be4 37. Ng2 Bxg2 38. Kxg2 b4 39. cxb4 c3 40. Be1 Ne3+ 41.
Kf2 Nc2 42. Rc1 Nxe1 43. Kxe1 Rxa3 44. Ke2 Rb3 45. Kd3 Rxb4 46. Rxc3 Rb1 47. Ra3
Rb2 48. Ra6+ Kd5 49. Rxf6 Rb3+ 50. Kc2 Ra3 51. Kb2 Re3 52. Rh6 Kxd4 53. Rxh7 Re4
54. Rd7+ Ke3 55. Kc3 Kf3 56. Rd4 Rxg4 57. Kd3 1-0

[Event "13th EICC"]
[Site "Plovdiv BUL"]
[Date "2012.03.27"]
[Round "7.72"]
[White "Halkias, Stelios"]
[Black "Lomsadze, Davit"]
[Result "1/2-1/2"]
[WhiteTitle "GM"]
[WhiteElo "2588"]
[BlackElo "2338"]
[WhiteFideId "4201809"]
[BlackFideId "13603450"]
[EventDate "2012.03.20"]
[EventType "swiss"]

1. d4 Nf6 2. Nf3 g6 3. g3 Bg7 4. Bg2 O-O 5. O-O d6 6. Nc3 Nbd7 7. e4 e5 8. Re1
h6 9. a4 Kh7 10. a5 exd4 11. Nxd4 a6 12. h3 Re8 13. Bf4 Ne5 14. Qe2 Bd7 15. Rad1
Qc8 16. Qf1 Rb8 17. Kh2 Nc6 18. Nb3 Ne5 19. Bc1 b5 20. axb6 Rxb6 21. f4 Nc6 22.
Nd2 Rb8 23. Nc4 Nb4 24. Qf2 Bb5 25. Ne3 Bc6 26. Nc4 Bb5 27. Bf1 Nd7 28. Ne3 Bxf1
29. Qxf1 Nc5 30. e5 dxe5 31. f5 Nd7 32. Ne4 Nb6 33. c3 Na2 1/2-1/2

[Event "13th EICC"]
[Site "Plovdiv BUL"]
[Date "2012.03.27"]
[Round "7.74"]
[White "Gabuzyan, Hovhannes"]
[Black "Damljanovic, Branko"]
[Result "1-0"]
[WhiteTitle "FM"]
[BlackTitle "GM"]
[WhiteElo "2441"]
[BlackElo "2582"]
[WhiteFideId "13303732"]
[BlackFideId "900125"]
[EventDate "2012.03.20"]
[EventType "swiss"]

1. Nf3 c5 2. g3 Nc6 3. Bg2 g6 4. c3 Bg7 5. d4 cxd4 6. cxd4 Nf6 7. Nc3 d6 8. O-O
O-O 9. d5 Na5 10. Qd3 Qc7 11. Bg5 Bd7 12. Rac1 Rfc8 13. b3 Qc5 14. Bd2 Qb6 15.
h3 Be8 16. g4 a6 17. Rc2 Qd8 18. Rfc1 b5 19. Nd4 h5 20. g5 Nd7 21. Ne4 Ne5 22.
Qe3 Rxc2 23. Rxc2 Qb6 24. Nf5 Qxe3 25. Nxe7+ Kf8 26. fxe3 Nac4 27. bxc4 Kxe7 28.
c5 dxc5 29. d6+ Kf8 30. Nxc5 Rd8 31. Nb7 Rb8 32. Rc7 Bd7 33. Nc5 Bf5 34. Bd5 b4
35. Nxa6 Rb6 36. e4 Bxh3 37. Nc5 Rxd6 38. Bxb4 Kg8 39. a4 Rb6 40. Rb7 Rxb7 41.
Nxb7 Bg4 42. Kf1 Bh3+ 43. Ke1 Bd7 44. a5 Bb5 45. Kf1 Ng4 46. Nd6 Ne3+ 47. Kf2
Nxd5 48. exd5 Ba6 49. Ne8 Be5 50. d6 Bb5 51. Nf6+ Kh8 52. Bc5 h4 53. Kg2 Bc3 54.
a6 Bxa6 55. d7 Ba5 56. Be7 Kg7 57. d8=Q Bxd8 58. Bxd8 Bc8 59. Be7 Be6 60. e3 Bc8
61. Bb4 Be6 62. Be1 h3+ 63. Kg3 1-0

[Event "13th EICC"]
[Site "Plovdiv BUL"]
[Date "2012.03.27"]
[Round "7.80"]
[White "Erdos, Viktor"]
[Black "Kovalev, Vladislav"]
[Result "1/2-1/2"]
[WhiteTitle "GM"]
[BlackTitle "IM"]
[WhiteElo "2631"]
[BlackElo "2477"]
[WhiteFideId "719978"]
[BlackFideId "13504398"]
[EventDate "2012.03.20"]
[EventType "swiss"]

1. d4 Nf6 2. c4 g6 3. Nc3 Bg7 4. Nf3 O-O 5. g3 d5 6. cxd5 Nxd5 7. Bg2 Nc6 8. O-O
Nb6 9. d5 Na5 10. Qc2 Nxd5 11. Rd1 c6 12. Ne1 Bd7 13. Nxd5 cxd5 14. Rxd5 e6 15.
Rd3 Qc8 16. Bd2 Nc6 17. Bc3 e5 18. Bd5 Be6 19. Rad1 Nd4 20. Bxd4 exd4 21. Qb3
Bxd5 22. Qxd5 Re8 23. R3d2 Re7 24. Rc2 Qg4 25. Qf3 Qe6 26. b3 Rae8 27. Nd3 Qd6
28. Kg2 h5 29. Nf4 Be5 30. e3 Qf6 31. exd4 Bxf4 32. Qxf4 Qxf4 33. gxf4 Kg7 34.
Kf3 Kf6 35. Rc5 Rd7 1/2-1/2

[Event "13th EICC"]
[Site "Plovdiv BUL"]
[Date "2012.03.27"]
[Round "7.82"]
[White "Hagen, Andreas Skytte"]
[Black "Hracek, Zbynek"]
[Result "1/2-1/2"]
[WhiteTitle "IM"]
[BlackTitle "GM"]
[WhiteElo "2453"]
[BlackElo "2627"]
[WhiteFideId "1407341"]
[BlackFideId "300071"]
[EventDate "2012.03.20"]
[EventType "swiss"]

1. e4 c5 2. Nf3 d6 3. d4 cxd4 4. Nxd4 Nf6 5. Nc3 a6 6. Be3 e6 7. f3 b5 8. Qd2 b4
9. Na4 Bd7 10. Qxb4 d5 11. Qb7 Bxa4 12. Qxa8 e5 13. Bxa6 exd4 14. Bxd4 Nfd7 15.
O-O Bc5 16. Bxc5 Nxc5 17. Bd3 Qb6 18. Kh1 Bc6 19. Qa3 dxe4 20. Bxe4 Bxe4 21.
fxe4 O-O 22. Rae1 Nc6 23. Rf5 Ne6 24. c3 g6 25. Rff1 Rb8 26. b4 Ne5 27. Qb3 Nd3
28. Re2 Nef4 29. Rd2 Qe3 30. Qd1 Re8 31. h3 Qxe4 32. Qf3 Qc4 33. g3 Qxc3 34.
Rdd1 Qd4 35. gxf4 Re3 36. Qg2 Qxb4 37. Rf3 Nxf4 38. Qf2 Re4 39. Rf1 g5 40. Qg3
Nxh3 41. Qc7 Rf4 42. Rxf4 Nxf4 43. Qd8+ Kg7 44. Qxg5+ Ng6 45. Qf6+ Kh6 46. Qxf7
Qh4+ 47. Kg2 Qg5+ 48. Kh2 1/2-1/2

[Event "13th EICC"]
[Site "Plovdiv BUL"]
[Date "2012.03.27"]
[Round "7.85"]
[White "Rakhmanov, Aleksandr"]
[Black "Nestorovic, Nikola"]
[Result "1-0"]
[WhiteTitle "GM"]
[BlackTitle "IM"]
[WhiteElo "2602"]
[BlackElo "2462"]
[WhiteFideId "4173708"]
[BlackFideId "934526"]
[EventDate "2012.03.20"]
[EventType "swiss"]

1. c4 Nf6 2. Nc3 e5 3. g3 Nc6 4. Bg2 Bc5 5. Nf3 d6 6. O-O a6 7. e3 O-O 8. b3 Ba7
9. Bb2 Re8 10. Qc2 h6 11. Nh4 Bd7 12. a3 Rb8 13. Nd5 Nh7 14. f4 exf4 15. Rxf4
Ne5 16. d4 Ng4 17. Rxf7 Ng5 18. Rff1 c6 19. Qe2 h5 20. h3 Nxh3+ 21. Bxh3 cxd5
22. Qf3 Nf6 23. Nf5 Rf8 24. Qg2 g6 25. Nh4 Bxh3 26. Qxh3 Kg7 27. Ng2 Qe7 28.
Rae1 g5 29. e4 dxe4 30. Ne3 Qd7 31. Rf5 Kh8 32. Kg2 d5 33. Rxg5 Qxh3+ 34. Kxh3
Rg8 35. Rf5 Rbf8 36. Nxd5 Nxd5 37. Rxd5 Rf2 38. Rxh5+ Kg7 39. Rxe4 Kg6 40. Rhh4
Bb8 41. Rhg4+ 1-0

[Event "13th EICC"]
[Site "Plovdiv BUL"]
[Date "2012.03.27"]
[Round "7.86"]
[White "Vajda, Levente"]
[Black "Arsovic, Zoran"]
[Result "1-0"]
[WhiteTitle "GM"]
[BlackTitle "IM"]
[WhiteElo "2597"]
[BlackElo "2435"]
[WhiteFideId "1203975"]
[BlackFideId "901679"]
[EventDate "2012.03.20"]
[EventType "swiss"]

1. e4 c5 2. c3 d5 3. exd5 Qxd5 4. d4 Nf6 5. Nf3 e6 6. Bd3 Be7 7. O-O O-O 8. Qe2
Rd8 9. Rd1 cxd4 10. cxd4 Nc6 11. Nc3 Qh5 12. a3 b6 13. Ne4 Bb7 14. Ng3 Qd5 15.
Be3 Rac8 16. b4 Nb8 17. b5 Nbd7 18. Bg5 Bd6 19. Nf1 h6 20. Ne3 Qb3 21. Nc4 Bxf3
22. Qxf3 Rxc4 23. Bh7+ Kxh7 24. Qxb3 Rdc8 25. Rac1 Rxc1 26. Rxc1 Rd8 27. Bh4 g5
28. Bg3 Bxg3 29. Qxg3 Nf8 30. h4 gxh4 31. Qxh4 Kg7 32. Rc7 Ng6 33. Qh3 Nd5 34.
Rxa7 Ndf4 35. Qe3 Kg8 36. g3 Nd5 37. Qxh6 Nc3 38. Qg5 Rd5 39. Qf6 Rf5 40. Qd8+
Kg7 41. Qxb6 1-0

[Event "13th EICC"]
[Site "Plovdiv BUL"]
[Date "2012.03.27"]
[Round "7.90"]
[White "Manolache, Marius"]
[Black "Baratosi, Daniel"]
[Result "0-1"]
[WhiteTitle "GM"]
[BlackTitle "IM"]
[WhiteElo "2561"]
[BlackElo "2407"]
[WhiteFideId "1201530"]
[BlackFideId "1210351"]
[EventDate "2012.03.20"]
[EventType "swiss"]

1. d4 d6 2. Nf3 Nf6 3. g3 g6 4. Bg2 Bg7 5. O-O O-O 6. Re1 Nbd7 7. e4 e5 8. dxe5
Nxe5 9. Nxe5 dxe5 10. Qe2 c6 11. b3 Bg4 12. Qf1 Qc7 13. a4 b6 14. Na3 Rad8 15.
Nc4 Rfe8 16. Bb2 Nd7 17. h3 Be6 18. h4 h5 19. Rad1 Nc5 20. Qe2 Bc8 21. Ba3 Bf8
22. Qe3 Ne6 23. Bxf8 Rxf8 24. Qh6 Nd4 25. Ne3 Qe7 26. Rd2 Qf6 27. Nf1 Nf3+ 28.
Bxf3 Qxf3 29. Re3 Qf6 30. Red3 Ba6 31. c4 Rd4 32. Kg2 Bc8 33. Qg5 Qxg5 34. hxg5
Rxe4 35. Ne3 Re8 36. Rd8 Kf8 37. Kf3 Rd4 38. R2xd4 exd4 39. Rxd4 Ke7 40. Kf4 Rf8
41. Rd2 Rh8 42. f3 Be6 43. Ke5 h4 44. g4 Rd8 45. Rb2 c5 46. f4 Rd3 47. Ke4 Rd4+
48. Ke5 Rd3 49. Re2 h3 50. Ke4 Rxb3 51. f5 Bc8 52. Kf4 Bb7 53. Rh2 Rxe3 54. Kxe3
Bg2 55. Kf2 Kd6 56. Rxg2 hxg2 57. Kxg2 Ke5 58. f6 Kf4 0-1

[Event "13th EICC"]
[Site "Plovdiv BUL"]
[Date "2012.03.27"]
[Round "7.91"]
[White "Steingrimsson, Hedinn"]
[Black "Firat, Burak"]
[Result "1/2-1/2"]
[WhiteTitle "GM"]
[BlackTitle "IM"]
[WhiteElo "2556"]
[BlackElo "2405"]
[WhiteFideId "2300117"]
[BlackFideId "6305881"]
[EventDate "2012.03.20"]
[EventType "swiss"]

1. c4 Nf6 2. Nc3 d5 3. cxd5 Nxd5 4. g3 g6 5. Bg2 Nxc3 6. bxc3 Bg7 7. Nf3 O-O 8.
O-O Nc6 9. Qc2 Qd7 10. Bb2 Rb8 11. d4 b6 12. c4 Na5 13. Rfd1 Ba6 14. Ne5 Bxe5
15. dxe5 Qe6 16. Bd5 Qf5 17. Be4 Qe6 18. Bd5 Qf5 19. Qxf5 gxf5 20. e6 f6 21.
Rac1 Rfd8 22. Bxf6 exf6 23. e7+ Rxd5 24. cxd5 Bc4 25. Rd4 b5 26. a4 b4 27. Rcxc4
Nxc4 28. Rxc4 Kf7 29. Rxc7 b3 30. Rc1 Kxe7 31. Kf1 a5 32. Ke1 Rb4 33. Rb1 Kd6
34. Kd2 Kxd5 35. Kc3 Rc4+ 36. Kd3 Rd4+ 37. Kc3 Rc4+ 38. Kd3 Rd4+ 1/2-1/2

[Event "13th EICC"]
[Site "Plovdiv BUL"]
[Date "2012.03.27"]
[Round "7.92"]
[White "Nikolov, Momchil"]
[Black "Fedorovsky, Michael"]
[Result "1-0"]
[WhiteTitle "GM"]
[BlackTitle "IM"]
[WhiteElo "2550"]
[BlackElo "2395"]
[WhiteFideId "2905710"]
[BlackFideId "14105454"]
[EventDate "2012.03.20"]
[EventType "swiss"]

1. d4 d5 2. c4 e6 3. Nc3 Nf6 4. cxd5 exd5 5. Bg5 Be7 6. e3 Nbd7 7. Nf3 c6 8. Bd3
O-O 9. Qc2 Re8 10. O-O Nf8 11. h3 h6 12. Bf4 Bd6 13. Ne5 Qe7 14. Bh2 N6d7 15.
Nf3 Nf6 16. Rab1 a5 17. a3 Bxh2+ 18. Kxh2 Be6 19. Ne5 N6d7 20. f4 f6 21. Nf3 Qd6
22. Kh1 Kh8 23. Rbe1 Bg8 24. f5 c5 25. Bb5 Re7 26. dxc5 Nxc5 27. Qd2 Rd8 28. Rd1
Qb6 29. Qd4 Qc7 30. Rfe1 b6 31. Kg1 Nb3 32. Qh4 Qc8 33. Qf4 Bf7 34. Nd4 Nxd4 35.
exd4 Qc7 36. Qxc7 Rxc7 37. Re3 Kg8 38. Rde1 Nh7 39. Re7 Rdc8 40. Ba6 Kf8 41.
Rxf7+ Kxf7 42. Bxc8 Rxc8 43. Re6 Ng5 44. Rxb6 Ne4 45. Rb7+ Kf8 46. Nxe4 dxe4 47.
Kf2 Rc2+ 48. Ke3 Rxg2 49. Kxe4 Rg3 50. d5 Rxh3 51. d6 Ke8 52. Rxg7 Rb3 53. Kd5
Rxb2 54. Ke6 Re2+ 55. Kxf6 Re3 56. Re7+ 1-0